Most Expensive Transfers from Olympique Lyonnais - Statistics

General Stats
  • This quiz has been taken 758 times
    560 since last reset
  • The average score is 14 of 22
Answer Stats
Sum To Season Player Name % Correct
35.00m Real Madrid '09-'10 Karim Benzema
97%
53.00m Arsenal '17-'18 Alexandre Lacazette
96%
48.00m Real Madrid '19-'20 Ferland Mendy
93%
60.00m Tottenham Hotspur '19-'20 Tanguy Ndombélé
93%
42.95m West Ham '22-'23 Lucas Paquetá
91%
41.50m Bayern Munich '17-'18 Corentin Tolisso
90%
42.10m Newcaste '21-'22 Bruno Guimarães
85%
19.75m Real Betis '19-'20 Nabil Fekir
83%
25.00m Barcelona '16-'17 Samuel Umtiti
76%
25.00m Hertha BSC '19-'20 Lucas Tousart
73%
38.00m Chelsea '05-'06 Michael Essien
71%
15.00m Burnley '21-'22 Maxwel Cornet
66%
21.50m Real Madrid '18-'19 Mariano Díaz
61%
17.50m Crystal Palace '21-'22 Joachim Andersen
48%
19.00m Chelsea '07-'08 Florent Malouda
47%
15.00m Valencia '18-'19 Mouctar Diakhaby
47%
20.00m Monaco '18-'19 Willem Geubbels
45%
18.40m Aston Villa '20-'21 Bertrand Traoré
43%
15.00m Barcelona '07-'08 Éric Abidal
40%
26.00m Real Madrid '06-'07 Mahamadou Diarra
38%
16.00m Zenit '17-'18 Emanuel Mammana
29%
17.60m Fulham '01-'02 Steve Marlet
11%
No matching quizzes found
Score Distribution
Percent of People with Each Score
Percentile by Number Answered
Your Score History
You have not taken this quiz since the last reset